000 01006nam a2200265Ia 4500
003 OSt
005 20221005113454.0
006 a|||||r|||| 00| 0
007 ta
008 221004b |||||||| |||| 00| 0 pan d
020 _c85
024 _a116931
037 _b617, 23/02/2012, H.K. Prakashan
_cTextual
040 _aCRL
_cCRL
_bpan
041 _2pan
_apan
082 _aO157,1M61x, 153Q0.6
100 _aਟੈਗੋਰ, ਰਬਿੰਦਰ ਨਾਥl ਅਤਰ ਸਿੰਘ, ਥਦ।
_9624519
245 0 _aਵਿਵ ਪਰਿਚਯ
260 _aਲੁਧਿਆਣਾ
_bਪੰਜਾਬੀ ਸਾਹਿਤ ਅਕਾਤਮੀ ਭਾਰਤ
_c2010
300 _a88ਪੰ
_ccm.
490 _aਟੈਗੋਰ ਰਚਨਾਵਲੀ
650 _aਬੰਗਾਲੀ ਸਾਹਿਤ
942 _hO157,1M61x, 153Q0.6
_cTEXL
_2cc
999 _c1028308
_d1028308